|
|
|
|
| LEADER |
01134nam a2200253 a 4500 |
| 001 |
11845065 |
| 008 |
091027s2000 caua b 000 0 eng d |
| 010 |
|
|
|a \\\99059000
|
| 020 |
|
|
|a 0761994173 (cloth)
|
| 020 |
|
|
|a 8170368898 (hb)
|
| 040 |
|
|
|a DLC
|c DLC
|d DLC
|
| 082 |
0 |
0 |
|a 352.14/0954
|2 21
|
| 100 |
1 |
|
|a Pinto, Marina,
|d 1940-
|
| 245 |
1 |
0 |
|a Metropolitan city governance in India /
|c Marina R. Pinto.
|
| 260 |
|
|
|a Thousand Oaks, Calif. :
|b Sage Publications,
|c 2000.
|
| 300 |
|
|
|a 242 p. :
|b ill. ;
|c 23 cm.
|
| 504 |
|
|
|a Includes bibliographical references (p. [239]-242).
|
| 541 |
1 |
|
|e 00013158
|
| 650 |
|
0 |
|a Local government
|z India.
|
| 650 |
|
0 |
|a Municipal government
|z India.
|
| 852 |
4 |
|
|a Ayesha Abed Library
|j General shelf
|
| 999 |
|
|
|c 4876
|d 4876
|
| 952 |
|
|
|0 0
|1 0
|2 ddc
|4 0
|6 352_140954000000000_PIN
|7 0
|9 4698
|a BRACUL
|b BRACUL
|c GEN
|d 2009-10-27
|g 0.00
|l 0
|o 352.140954 PIN
|p 3010013158
|r 2009-10-27
|t 1
|w 2009-10-27
|y BK
|x No price found in the accession register.
|
| 952 |
|
|
|0 0
|1 0
|2 ddc
|4 0
|6 352_140954000000000_PIN
|7 0
|9 14588
|a BRACUL
|b BRACUL
|c GEN
|d 2011-03-10
|l 0
|o 352.140954 PIN
|p 3010013157
|r 2011-03-10
|t 2
|w 2011-03-10
|y BK
|x Price not available in Register
|